000 00458nam a2200169Ia 4500
999 _c29524
_d29524
003 OSt
005 20201202110538.0
008 190216s9999||||xx |||||||||||||| ||und||
040 _coclc
082 _a894.8123
_bSUB/Y
100 _aSubair
_97123
245 0 _aYatheem /
_cSubair
260 _bPoorna Publications,
_a Kozhikode:
_c2001.
300 _a120p
650 _aMalayalam
942 _cBK
_2ddc
_h894.8123
_iSUB/Y
_k894.8123
_mSUB/Y